000 00418nam a2200181 a 4500
001 1755155983551
003 ACL
005 20250814125237.0
008 250814s2000##################000#0#eng##
020 _a9780262561303
082 0 4 _a730.92
_bFOS
100 1 _aFoster, Hal,
_eauthor.
245 1 0 _aRichard Serra :
260 _bMIT Press,
_c2000.
650 0 _aArt.
942 _cENGLISH
040 _aACL
_beng
_cACL
999 _c582263
_d582263